| 000 -ლიდერი |
| ფიქსირებული სიგრძის საკონტროლო ველი |
01369nam a2200229 4500 |
| 003 - საკონტროლო ნომრის იდენტიფიკატორი |
| საკონტროლო ველი |
Ge_BSU |
| 005 - ბოლო ოპერაციის თარიღი და დრო |
| საკონტროლო ველი |
20260128145846.0 |
| 008 - ფიქსირებული სიგრძის მონაცემთა ელემენტები - ზოგადი ინფორმაცია |
| ფიქსირებული სიგრძის საკონტროლო ველი |
260128s1959 ge ||||| |||| 00| 0 geo d |
| 041 ## - ენის კოდი |
| Language code of text/sound track or separate title |
geo |
| 080 ## - უნივერსალური ათობითი კლასიფიკაციის ინდექსი |
| Universal Decimal Classification number |
338(479.22)(09) : 94(479.22) ''18/19'' გ-92 |
| 100 ## - მთავარი ჩანაწერი - პიროვნების სახელი |
| Personal name |
გუგუშვილი, პაატა |
| 9 (RLIN) |
3880 |
| 245 ## - ცნობა სათაურის შესახებ |
| Title |
საქართველოსა და ამიერკავკასიის ეკონომიკური განვითარება XIX-XX საუკუნეებში : |
| Remainder of title |
მონოგრაფიები. ტ. 3 / |
| Statement of responsibility, etc |
პაატა გუგუშვილი. |
| 264 ## - წარმოების, გამოცემის, დისტრიბუციის და სხვა ცნობები |
| გამოცემის, წარმოების, დისტრიბუციის... ადგილი |
თბილისი : |
| გამოცემის, წარმოების, დისტრიბუციის... სახელწოდება |
საბჭ. საქართველო, |
| გამოცემის, წარმოების, დისტრიბუციის... თარიღი |
1959. |
| 300 ## - ფიზიკური აღწერა |
| Extent |
877 გვ.; |
| Other physical details |
20 სმ. |
| 500 ## - ზოგადი შენიშვნა |
| General note |
დანართი: საძიებლები, გვ. 847-877. |
| 501 ## - შენიშვნა თანმხლებ მასალაზე |
| With note |
გაშლილი თავფურც. რუს. ენ. |
| 504 ## - BIBLIOGRAPHY, ETC. NOTE |
| Bibliography, etc |
ბიბლიოგრაფია შენიშვნებში. |
| 653 ## - INDEX TERM--UNCONTROLLED |
| Uncontrolled term |
საქართველოს ეკონომიკა |
| 653 ## - INDEX TERM--UNCONTROLLED |
| Uncontrolled term |
ამიერკავკასიის ეკონომიკა. საქართველოს ისტორია -- XIX-XXსს. |
| 700 ## - ADDED ENTRY--PERSONAL NAME |
| Personal name |
ნარმანია, ნ., |
| Relator term |
რედაქტორი |
| 9 (RLIN) |
7457 |
| 942 ## - ADDED ENTRY ELEMENTS (KOHA) |
| Source of classification or shelving scheme |
|
| Koha item type |
წიგნი |